Contemporary issues of Indian economy/ (Record no. 152950)

MARC details
000 -LEADER
fixed length control field 00599nam a22001937a 4500
005 - DATE AND TIME OF LATEST TRANSACTION
control field 20180622105651.0
010 ## - LCCN (DPL NO)
LC control number ENG-123290
020 ## - INTERNATIONAL STANDARD BOOK NUMBER
Terms of availability 1695.00
International Standard Book Number 9788181523778
035 ## - SYSTEM CONTROL NUMBER
System control number EN-106822
037 ## - SOURCE OF ACQUISITION
Source of stock number/acquisition DBAD/PUB
082 ## - DEWEY DECIMAL CLASSIFICATION NUMBER
Classification number 338.10954
100 ## - MAIN ENTRY--PERSONAL NAME
Personal name Das, Parmita
245 ## - TITLE STATEMENT
Title Contemporary issues of Indian economy/
Statement of responsibility, etc by Parmita Das
260 ## - PUBLICATION, DISTRIBUTION, ETC. (IMPRINT)
Place of publication, distribution, etc Jaipur
Name of publisher, distributor, etc Book Enclave
Date of publication, distribution, etc 2016
270 ## - ADDRESS
Address F-11, S.S. Tower, Dhamani Street, Chaura Rasta,
City Jaipur
Postal code 302003
300 ## - PHYSICAL DESCRIPTION
Extent 281p.
Dimensions 22cm(Hb)
500 ## - GENERAL NOTE
General note it includes bibliography [and] index
942 ## - ADDED ENTRY ELEMENTS (KOHA)
Source of classification or shelving scheme Dewey Decimal Classification
Item type English Books
Call number suffix DAS
Classification part 338.10954
Holdings
Withdrawn status Lost status Not for loan Collection code Home library Current library Date acquired Source of acquisition Cost, normal purchase price Full call number Barcode Copy number Cost, replacement price Koha item type
    Not For Loan Non-fiction D.B.Act.Division Sarojini Nagar 22/06/2018 DBAD/PUB 1695.00 338.10954 DAS EN-106822 1 1695.00 English Books

© Delhi Public Library
Hit Counter
free hit counter